00842nam a2200253Ia 4500003000400000005001700004006001800021007000300039008004100042024001100083037001100094040001800105041001300123100002600136110007900162245015700241260000900398300001800407650002000425700003300445700007900478942001200557999001900569OSt20220930090409.0a|||||r|||| 00| 0ta220926b |||||||| |||| 00| 0 eng d a109440 cTheses aCRLcCRLbeng 2engaeng aBansal Shuchi9542404 aUniversity of Delhi. Faculty of Medical Sciences. Deprtment of Dermatology 0aClinicoetiological study of Stevens Johnson syndrome toxic epidermal necrolysis spectrum and correlation between scorten scoring and outcome of patients c2010 a96p.ap.ccm. aSKIN - DISEASES a Dr. Vijay Kumar Gu.9535899 aUniversity of Delhi. Faculty of Medical Sciences. Deprtment of Dermatology cDIS2CC c880493d880493